| 000 | 01203cam a2200265 4500 | ||
|---|---|---|---|
| 001 | L127681 | ||
| 008 | 030120n2004 000 0 eng u | ||
| 020 | _a1843182033 | ||
| 022 | _a1477-1144 | ||
| 035 | _a(Sirsi) u127681 | ||
| 041 | _aeng. | ||
| 050 |
_a650.14 _c18 |
||
| 245 | _aTarget quantity surveying and commercial management 2005 | ||
| 260 |
_aWallingford _bGTI Specialist Publishers _c2004 |
||
| 300 |
_a72p. _c27cm. |
||
| 520 | _aProvides advice for graduates seeking jobs in quantity surveying and construction management. Includes tables of potential employers to approach, and discusses what employers are looking for in their graduates. Gives an insight into the different sectors of the industry, offers guidance on writing applications, and looks at postgraduate options. Further information and guidance is given at www.doctorjob.com/construction. | ||
| 650 | _aCONSTRUCTION CAREERS | ||
| 650 | _aCAREERS GUIDANCE | ||
| 650 | _aGRADUATES | ||
| 650 | _aQUANTITY SURVEYORS | ||
| 690 | _aEDUCATION-CAREERS | ||
| 700 |
_aBarrett, Katie _xEditor |
||
| 856 |
_uhttps://targetjobs.co.uk/construction _zView the website free of charge at http://targetjobs.co.uk |
||
| 942 | _n0 | ||
| 999 |
_c103813 _d103813 |
||